Geography True or False - Sudden Death - Statistics

General Stats
  • This quiz has been taken 455 times
    205 since last reset
  • The average score is 2 of 8
Answers on the Grid
Answers color-coded by a green-red scale on the quiz's grid according to % correct below.
Russia is the biggest country in the world
Vatican City is the biggest city
Japan is an island
Texas Is the biggest U.S. state
China has the most population
India has 36 states
There are three countries in North America; Mexico, USA, Canada
The capital of Egypt is Rome
Espanol originated from Mexico
There are 350 million people living in USA
The world has 196 countries
The world is 70% water
What people live on is only 50% of Earth
India, Pakistan, and Bangladesh were once one country
The capital of Madagascar is Antananarivo
Asia has the most countries
Oceania has the least countries
Brazil borders France
 
Answer Stats
Answer % Correct
Russia is the biggest country in the world
85%
Japan is an island
62%
The world has 196 countries
29%
There are 350 million people living in USA
21%
Brazil borders France
15%
The capital of Madagascar is Antananarivo
15%
India has 36 states
10%
India, Pakistan, and Bangladesh were once one country
9%
No matching quizzes found
Score Distribution
Percent of People with Each Score
Percentile by Number Answered
Your Score History
You have not taken this quiz since the last reset